Impuestos internos (Registro nro. 15878)

Detalles MARC
000 -LEADER
fixed length control field 00288 a2200109 4500
001 - CONTROL NUMBER
control field ART_44506
005 - DATE AND TIME OF LATEST TRANSACTION
control field 20260410161709.0
008 - FIXED-LENGTH DATA ELEMENTS--GENERAL INFORMATION
fixed length control field 260409a
100 1# - MAIN ENTRY--PERSONAL NAME
Personal name Baldo, Alberto
245 10 - TITLE STATEMENT
Title Impuestos internos
773 0# - HOST ITEM ENTRY
Title Revista Impuestos
Related parts - Nº 8 (ago. 2017)
Record control number REV639

No hay ítems disponibles.